Prime London prices rise for fifth month leading to sales volume boom (Record no. 82352)
[ view plain ]
| 000 -LEADER | |
|---|---|
| fixed length control field | 01251cab a22002175a 4500 |
| 001 - CONTROL NUMBER | |
| control field | L149966 |
| 008 - FIXED-LENGTH DATA ELEMENTS--GENERAL INFORMATION | |
| fixed length control field | 100520s2010 xxkd f s 000 0 eng d |
| 035 ## - SYSTEM CONTROL NUMBER | |
| System control number | (Sirsi) u149966 |
| 041 0# - LANGUAGE CODE | |
| Language code of text/sound track or separate title | eng |
| 110 2# - MAIN ENTRY--CORPORATE NAME | |
| Corporate name or jurisdiction name as entry element | Knight Frank |
| 9 (RLIN) | 1530 |
| 245 00 - TITLE STATEMENT | |
| Title | Prime London prices rise for fifth month leading to sales volume boom |
| Medium | [electronic resource] |
| 260 ## - PUBLICATION, DISTRIBUTION, ETC. | |
| Date of publication, distribution, etc. | 2010 |
| 490 #0 - SERIES STATEMENT | |
| Series statement | Knight Frank Residential Development Land Index |
| Volume/sequential designation | (10pr335) 10 May 2010 |
| 520 ## - SUMMARY, ETC. | |
| Summary, etc. | Knight Frank residential land prices for the 12 months to the end of March 2010 showed the strongest rate of growth since the first quarter of 2005 due to improving demand and a slow growth in supply volumes. Quarterly growth in the three months to the end of March 2010 was 2.4% for Urban Land and 6.6% for Greenfield land with London and the West Midlands the strongest region for growth. |
| 590 ## - LOCAL NOTE (RLIN) | |
| Local note | KA NTK |
| 650 24 - SUBJECT ADDED ENTRY--TOPICAL TERM | |
| Topical term or geographic name entry element | KNIGHT FRANK RESIDENTIAL LAND INDEX |
| 651 #4 - SUBJECT ADDED ENTRY--GEOGRAPHIC NAME | |
| Geographic name | United Kingdom |
| Chronological subdivision | |
| 690 ## - LOCAL SUBJECT ADDED ENTRY--TOPICAL TERM (OCLC, RLIN) | |
| Topical term or geographic name as entry element | PROPERTY-RESIDENTIAL PROPERTY-RESIDENTIAL PROPERTY MARKET |
| 856 40 - ELECTRONIC LOCATION AND ACCESS | |
| Uniform Resource Identifier | <a href="https://www.knightfrank.co.uk/news/Residential-development-land-values-in-England-rise-by-the-strongest-rate-since-2005-0198.aspx">https://www.knightfrank.co.uk/news/Residential-development-land-values-in-England-rise-by-the-strongest-rate-since-2005-0198.aspx</a> |
| Public note | View the news release free of charge at www.knightfrank.co.uk... |
| 942 ## - ADDED ENTRY ELEMENTS (KOHA) | |
| Suppress in OPAC | 0 |
| Withdrawn status | Lost status | Source of classification or shelving scheme | Damaged status | Not for loan | Home library | Current library | Shelving location | Date acquired | Total Checkouts | Full call number | Barcode | Date last seen | Copy number | Price effective from | Koha item type |
|---|---|---|---|---|---|---|---|---|---|---|---|---|---|---|---|
| Dewey Decimal Classification | Virtual | Virtual | Online | 20/05/2010 | L149966 | L149966 | 06/08/2019 | 1 | 06/08/2019 | Journal article |